[Event "Llinars del Valles op 11th B"]
[Site "Llinars del Valles"]
[Date "2017.05.13"]
[Round "4.15"]
[White "Lajarin Serra, Ruben"]
[Black "Bailles Fernandez, Sergi"]
[Result "0-1"]
[WhiteElo "1249"]
[BlackElo "1562"]
[PlyCount "58"]
[EventDate "2017.04.22"]
[EventType "swiss"]
[EventRounds "9"]
[EventCountry "ESP"]
[SourceTitle "EXT 2024"]
[Source "ChessBase"]
[SourceDate "2023.10.10"]
[SourceVersion "1"]
[SourceVersionDate "2023.10.10"]
[SourceQuality "1"]

1. e4 c5 2. Nf3 d6 3. d4 cxd4 4. Nxd4 Nf6 5. Nc3 g6 6. Be3 Bg7 7. Qd2 0-0 8. 0-0-0 Ng4 9. f4 Nc6 10. Nxc6 bxc6 11. Bd4 e5 12. Bc5 exf4 13. h3 Ne3 14. Bxe3 fxe3 15. Qxe3 Qe7 16. g4 Rd8 17. Bg2 d5 18. Rhe1 d4 19. Qd3 Be6 20. Ne2 Bxa2 21. Qa6 Bh6+ 22. Rd2 Bxd2+ 23. Kxd2 Qb4+ 24. Kd1 Qxb2 25. Qxc6 d3 26. Kd2 Rac8 27. Qf6 Qxf6 28. Rd1 dxc2+ 29. Ke1 Rxd1# 0-1

[Event "Llinars del Valles op-B 10th"]
[Site "Llinars del Valles"]
[Date "2016.04.09"]
[Round "2"]
[White "Torralba Brosa, Marc"]
[Black "Lajarin Serra, Ruben"]
[Result "1-0"]
[WhiteElo "1685"]
[BlackElo "1206"]
[PlyCount "65"]
[EventDate "2016.04.02"]
[EventType "swiss"]
[EventRounds "9"]
[EventCountry "ESP"]
[SourceTitle "CBM 172 Extra"]
[Source "ChessBase"]
[SourceDate "2016.06.21"]
[SourceVersion "1"]
[SourceVersionDate "2016.06.21"]
[SourceQuality "1"]

1. e4 c5 2. d4 cxd4 3. c3 dxc3 4. Nxc3 Nc6 5. Nf3 g6 6. Bc4 Bg7 7. 0-0 Nf6 8. Bf4 0-0 9. Nb5 d6 10. e5 Nh5 11. Bg5 Nxe5 12. Nxe5 Bxe5 13. f4 Bxb2 14. Rb1 Bh8 15. f5 Bxf5 16. Rxf5 Nf6 17. Rf1 Ne4 18. Bh4 a6 19. Nd4 Nc3 20. Qg4 Nxb1 21. Ne6 Qb6+ 22. Bf2 Qb4 23. Nxf8 Rxf8 24. Bxf7+ Rxf7 25. Qxb4 Nc3 26. Qc4 d5 27. Qc8+ Rf8 28. Qe6+ Rf7 29. Bc5 Bf6 30. Bxe7 Kg7 31. Bxf6+ Kg8 32. Bxc3 Kf8 33. Qxf7# 1-0

[Event "Llinars del Valles op-B 8th"]
[Site "Llinars del Valles"]
[Date "2015.05.16"]
[Round "6"]
[White "Lajarin Serra, Ruben"]
[Black "Bailles Fernandez, Sergi"]
[Result "0-1"]
[WhiteElo "1800"]
[BlackElo "1836"]
[PlyCount "66"]
[EventDate "2015.04.11"]
[EventType "swiss"]
[EventRounds "9"]
[EventCountry "ESP"]
[SourceTitle "EXT 2016"]
[Source "ChessBase"]
[SourceDate "2015.10.08"]
[SourceVersion "1"]
[SourceVersionDate "2015.10.08"]
[SourceQuality "1"]

1. e4 c5 2. d4 cxd4 3. c3 d3 4. Bxd3 Nc6 5. Nf3 d6 6. 0-0 Nf6 7. Be3 Bg4 8. Nbd2 e5 9. Qb3 Qd7 10. Bg5 Be7 11. Bc4 0-0 12. Nh4 Rac8 13. Bb5 a6 14. Bxc6 Qxc6 15. h3 Be6 16. Qd1 d5 17. Qf3 Rfe8 18. Rfd1 dxe4 19. Qe3 Red8 20. Bxf6 Bxf6 21. g3 Bxh4 22. gxh4 f5 23. Kh2 Rd3 24. Qg5 f4 25. Rg1 Rxh3+ 26. Kg2 Qd6 27. Kf1 g6 28. Nxe4 Qd3+ 29. Ke1 Qxe4+ 30. Kd1 Rd3+ 31. Kc1 Bf5 32. Kb1 Rg3+ 33. Kc1 Qc2# 0-1

[Event "Llinars del Valles op-B 8th"]
[Site "Llinars del Valles"]
[Date "2015.05.09"]
[Round "5"]
[White "Arcusa Postils, Eduard"]
[Black "Lajarin Serra, Ruben"]
[Result "1/2-1/2"]
[WhiteElo "1867"]
[BlackElo "1800"]
[PlyCount "50"]
[EventDate "2015.04.11"]
[EventType "swiss"]
[EventRounds "9"]
[EventCountry "ESP"]
[SourceTitle "EXT 2016"]
[Source "ChessBase"]
[SourceDate "2015.10.08"]
[SourceVersion "1"]
[SourceVersionDate "2015.10.08"]
[SourceQuality "1"]

1. e4 e5 2. Nf3 Nc6 3. c3 Nf6 4. d4 exd4 5. e5 Nd5 6. Qb3 Nb6 7. cxd4 Bb4+ 8. Nc3 0-0 9. Bd3 d6 10. exd6 Qxd6 11. Be3 Bg4 12. 0-0-0 Bxc3 13. Qxc3 Nb4 14. Kb1 Be6 15. b3 a5 16. Bc1 N6d5 17. Qd2 Qb6 18. Bb2 Nxd3 19. Qxd3 a4 20. Ng5 g6 21. Nxe6 fxe6 22. Rc1 Qd6 23. Qd2 a3 24. Bc3 Qb6 25. Rhe1 Rad8 1/2-1/2